Loading...
Chamber /
| Hovedforfatter: | |
|---|---|
| Format: | Printed Book |
| Sprog: | English |
| Udgivet: |
U.K :
Arrow Books,
2003.
|
| Fag: |
| LEADER | 00444nam a2200133Ia 4500 | ||
|---|---|---|---|
| 008 | 150624b xxu||||| |||| 00| 0 eng d | ||
| 100 | |a Grisham, John | ||
| 245 | |a Chamber / |c John Grisham | ||
| 260 | |a U.K : |b Arrow Books, |c 2003. | ||
| 300 | |a 598 p. | ||
| 653 | |a Novel | ||
| 942 | |c BK | ||
| 999 | |c 59334 |d 59334 | ||
| 952 | |0 0 |1 0 |4 0 |6 823_000000000000000_914G2_CHA |7 0 |9 59311 |a UL |b UL |c ST1 |d 2012-10-27 |l 13 |m 3 |o 823.914G2 CHA |p 85271 |r 2016-02-24 |s 2015-12-21 |w 2012-10-27 |y BK | ||